Building Skills for All in Australia Policy Insights from the Survey of Adult Skills
Guardado en:
| Formato: | Libro |
|---|---|
| Lenguaje: | inglés |
| Publicado: |
Paris
OECD
2017
|
| Colección: | OECD Skills Studies
|
| Materias: | |
| Etiquetas: |
Sin Etiquetas, Sea el primero en etiquetar este registro!
|
MARC
| LEADER | 00000nam a2200000 4500 | ||
|---|---|---|---|
| 001 | 0240862 | ||
| 005 | 20240314122744.7 | ||
| 020 | |a 978-92-64-28296-4 | ||
| 041 | 0 | |a eng | |
| 044 | |a FR | ||
| 245 | 1 | 0 | |a Building Skills for All in Australia |b Policy Insights from the Survey of Adult Skills |
| 264 | 1 | |a Paris |b OECD |c 2017 | |
| 300 | |a 86 s. | ||
| 490 | 1 | |a OECD Skills Studies | |
| 830 | 0 | |a OECD Skills Studies | |
| 610 | 2 | 0 | |a politika vzdelávania |
| 610 | 2 | 0 | |a zručnosti |
| 610 | 2 | 0 | |a doškoľovanie |
| 610 | 2 | 0 | |a vzdelávanie celoživotné |
| 610 | 2 | 0 | |a vzdelávanie dospelých |
| 610 | 2 | 0 | |a zamestnávanie cudzincov |
| 610 | 2 | 0 | |a vzdelanie |
| 610 | 2 | 0 | |a gramotnosť informačná |
| 610 | 2 | 0 | |a mládež |
| 610 | 2 | 0 | |a nezamestnanosť |
| 610 | 2 | 0 | |a dospelí |
| 610 | 2 | 0 | |a úroveň vzdelanostná |
| 610 | 2 | 0 | |a porovnanie medzinárodné |
| 610 | 2 | 0 | |a Austrália |